3-Letter Word Chain - Statistics

General Stats
  • This quiz has been taken 1,451 times
  • The average score is 9 of 20
Answer Stats
Hint Answer % Correct
___ Hatter Mad
96%
Substance used to colour materials Dye
91%
British term for moose Elk
78%
Fruit condiment Jam
78%
North American shortening for an umpire Ump
71%
A person's sense of self-esteem/ importance Ego
61%
French word for water Eau
60%
Unit of electrical resistance Ohm
49%
Dance move that became popular in 2016 Dab
47%
Surface of ground in which grass grows, or English insult Sod
47%
Greek Island Kos
46%
Can be jellied for example Eel
41%
Bitterly regret and wish it undone Rue
41%
Strong alkaline solution used for washing Lye
37%
UK branded stock cubes OXO
37%
Soviet space station launched in 1986 and brought down in 2001 Mir
30%
Rough prickly husk surrounding the seeds or fruit of a plant Bur
21%
Delicate innermost membrane enveloping the brain and spinal cord Pia
5%
Winner of Strictly Come Dancing 2016 Ore
4%
Prefix, to contain 2 adjacent Nitrogen atoms between Carbon atoms Azo
1%
No matching quizzes found
Score Distribution
Percent of People with Each Score
Percentile by Number Answered
Your Score History
You have not taken this quiz